|
|
|
|
| LEADER |
00000nam0a2200000 4500 |
| 001 |
288771 |
| 005 |
20231102000125.0 |
| 020 |
|
|
|a RU
|b 86-72065
|
| 035 |
|
|
|a (RuTPU)RU\TPU\book\313255
|
| 035 |
|
|
|a RU\TPU\book\304267
|
| 090 |
|
|
|a 288771
|
| 100 |
|
|
|a 20150114d1985 k y0rusy5003 ca
|
| 101 |
0 |
|
|a rus
|
| 102 |
|
|
|a RU
|
| 105 |
|
|
|a a z 001zy
|
| 200 |
1 |
|
|a Краевые задачи
|e межвузовский сборник научных трудов
|f Пермский политехнический институт (ППИ) ; гл. ред. Н. В. Азбелев
|
| 210 |
|
|
|a Пермь
|c Изд-во ППИ
|d 1985
|
| 215 |
|
|
|a 142 с.
|c ил.
|
| 320 |
|
|
|a Библиогр. в конце статей
|
| 606 |
1 |
|
|a Краевые задачи для обыкновенных дифференциальных уравнений
|2 stltpush
|3 (RuTPU)RU\TPU\subj\16071
|9 42259
|
| 610 |
1 |
|
|a линейные уравнения
|
| 610 |
1 |
|
|a ЭВМ
|
| 610 |
1 |
|
|a аналитические вычисления
|
| 610 |
1 |
|
|a частные производные
|
| 610 |
1 |
|
|a математическая физика
|
| 610 |
1 |
|
|a механика сплошных сред
|
| 610 |
1 |
|
|a техническая теплофизика
|
| 610 |
1 |
|
|a приближенные методы
|
| 675 |
|
|
|a 517.927
|v 3
|
| 702 |
|
1 |
|a Азбелев
|b Н. В.
|4 651
|
| 712 |
0 |
2 |
|a Пермский политехнический институт (ППИ)
|c (1960-1992)
|2 stltpush
|3 (RuTPU)RU\TPU\col\7911
|
| 801 |
|
0 |
|a RU
|b RuMRKP
|c 19950704
|g psbo
|
| 801 |
|
1 |
|a RU
|b 63413507
|c 20150327
|
| 801 |
|
2 |
|a RU
|b 63413507
|c 20180316
|g RCR
|
| 942 |
|
|
|c BK
|